Datum a čas kvízu
31.5
Celkem bodů
Celkový počet nahraných bodů na tomto kvízu bez doplňovacích otázek.
8.
Pořadí na kvízu
Konečné umístění týmu na tomto kvízu.
Zaznamenané odpovědi
| # | Otázka | Odpověď | Body | Výsledky |
|---|---|---|---|---|
| 1. | Žádné dějiny, ani ty smyšlené,... | Dobytím a sjednocením Sedmi království (Targaryeny). | 1 | |
| 2. | Asi 170 let před událostmi kni... | Tanec draků (Dance of the Dragons) | 0 | |
| 3. | Západozemí a Essos nebyly dřív... | C | 1 | |
| 4. | Není možné nezmínit se o Valyr... | fialovou | 1 | |
| 5. | Na závěr budeme putovat daleko... | Ostrov tváří na jezeře Boží oko | 0 | |
| 6. | Seriály se často od svých kniž... | Arya / Nymeria | 0 | |
| 7. | Arys Oakheart, člen královské... | Areo Hotah | 0 | |
| 8. | Dalším rozdílem oproti knižní... | Vargo Hoat; řečený Koza | 0 | |
| 9. | Quentyn Martell je starší Dora... | zkrotit jejího draka | 1 | |
| 10. | Asi největší ztrátou pro seriá... | Jon Connington / Gryf | 0 |